000 00738nam a2200253 a 4500
001 nice12345678
003 IN_TiNIC
005 20260116011311.0
008 050524s1927 bala grp 000 0 eng
020 _a
_c0
082 0 0 _a500.25
_bSAR
100 _aSarton, George
245 _aIntroduction to the History of Science.
260 _aBaltimore
_bCarnegie Institution of Washington
_c1927
300 _a839p
500 _aincludes index and biblioraphy
505 2 _aIndex
505 2 _aIndex00
_gV1.
_tFrom Homer to Omar Khayyam.--
_gV2P1.
_tFrom Rabbi Ben Ezra to Ibn Rushd.--
_gV2P2.
_tFrom Rabbi Ben Ezra to Rog
650 _aScience-History
700 1 _aSarton, George
902 _bSRS
942 _cBK
999 _c314
_d314